| 000 | 00724nam a2200229 a 4500 | ||
|---|---|---|---|
| 001 | BRCA_8227 | ||
| 005 | 20190320210202.0 | ||
| 008 | 220514s1954----gw-a###g##---#000-0#ger-# | ||
| 041 | _ager | ||
| 044 | _agw | ||
| 050 | 4 |
_aNC1509 _b.M38 1954 |
|
| 100 | 1 |
_aMathesius, Volkmar _920517 |
|
| 245 | 1 | 0 |
_aHumor im Geschäft _banekdoten, schnurren, aphorismen und stilblüten aus dem wirtschaftsleben _cZusammengestellt von Volkmar Mathesius ; mit zeichnungen Ludwig Koob. |
| 260 |
_aFrankfurt _bKnapp _c1954 |
||
| 300 |
_a111 p. _bil. _c18 cm. |
||
| 500 | _aT27 | ||
| 650 | 1 | 4 |
_aHumorismo alemán _96123 |
| 650 | 1 | 4 |
_aChistes ilustrados _zAlemania _920518 |
| 700 | 1 |
_aKoob, Ludwig _eil. _920519 |
|
| 902 | _aGFM | ||
| 942 |
_2lcc _cB |
||
| 999 |
_c7895 _d7895 |
||